📖🕯 150 premiers mots "La ville d'Ys" - Statistiques

Statistiques générales
  • Ce quiz a été pris 6 fois
  • Le résultat moyen est 85 sur 150
Statistiques - réponses
Mots % Correct
à
100%
au
100%
Ce
100%
ce
100%
d'
100%
de
100%
des
100%
est
100%
il
100%
l'
100%
La
100%
la
100%
le
100%
les
100%
n'
100%
on
100%
ou
100%
100%
pour
100%
que
100%
qui,
100%
s'
100%
si
100%
ville
100%
y
100%
Ys
100%
comme
80%
du
80%
en
80%
et
80%
fait
80%
pas
80%
temps
80%
avait-
60%
avec
60%
Avec
60%
belle
60%
bord
60%
car,
60%
chose.
60%
était
60%
même
60%
mer,
60%
monde?
60%
plus
60%
sa
60%
tout
60%
Un
60%
un
60%
Une
60%
une
60%
alors
40%
Beaucoup
40%
bien
40%
construite
40%
été
40%
être
40%
être. ...
40%
maisons
40%
Peut-
40%
plutôt
40%
Pourquoi
40%
premières
40%
terre.
40%
aurait
20%
bas.
20%
cité
20%
considéré
20%
haute
20%
océan
20%
pouvaient
20%
siècles,
20%
splendeur,
20%
vagues
20%
ainsi
0%
Certains
0%
château
0%
circulent
0%
construire
0%
contemplées.
0%
dangereusement
0%
édifié
0%
élevait,
0%
époque
0%
étalait,
0%
fallut
0%
flots,
0%
fondation
0%
inondée.
0%
léchèrent
0%
marée
0%
mille
0%
montante,
0%
mouiller
0%
muraille
0%
navires
0%
niveau
0%
ouvragées
0%
pensent
0%
pierre
0%
port
0%
protégeait
0%
protéger.
0%
reculée
0%
remonte
0%
remparts
0%
sculptures
0%
sujet.
0%
théories
0%
Aucun quiz correspondant
Distribution des résultats
% des personnes avec chaque résultat
Percentile par nombre de réponses
Votre historique - résultats
Vous n’avez pas pris ce quiz